| 000 | 00000nam 2200000zi 4500 |
| 001 | 9.898470 |
| 003 | CaOODSP |
| 005 | 20240718111425 |
| 006 | m o d f |
| 007 | cr |n||||||||| |
| 008 | 210409s1969 oncdb|| o f00| 0|eng d |
| 040 | |aCaOODSP|beng|erda|cCaOODSP |
| 043 | |an-cn-nf |
| 086 | 1 |aRE22-59/29-1969E-PDF |
| 245 | 00|aSupport data for highways construction : |bFortune Bay Peninsula, Newfoundland & Labrador / |cprepared by Task Force, Newfoundland Resettlement Program, Department of Fisheries and Forestry. |
| 264 | 1|a[Ottawa] : |bDepartment of Regional Economic Expansion, |c[1969] |
| 300 | |a1 online resource (1 volume (various pagings)) : |bcharts, maps |
| 336 | |atext|btxt|2rdacontent |
| 337 | |acomputer|bc|2rdamedia |
| 338 | |aonline resource|bcr|2rdacarrier |
| 500 | |aDigitized edition from print [produced by Innovation, Science and Economic Development Canada]. |
| 500 | |a"Prepared for: Utilities & Services Branch, Department of Regional Economic Expansion." |
| 500 | |a"Project Assignment No. 29." |
| 650 | 0|aRoads|xDesign and construction|zNewfoundland and Labrador|zFortune Bay. |
| 650 | 6|aRoutes|xConception et construction|zTerre-Neuve-et-Labrador|zFortune, Baie de. |
| 710 | 1 |aCanada. |bDepartment of Regional Economic Expansion, |eissuing body. |
| 856 | 40|qPDF|s978 KB|uhttps://publications.gc.ca/collections/collection_2024/isde-ised/re22/RE22-59-29-1969-eng.pdf |